000 00359 a2200169 4500
001 72538
020 _a8576663201
040 _cAnchieta - Colégio São Paulo
100 _aChianca, Leonardo
240 1 0 _aOtelo
_lpor
245 1 0 _aOtelo
300 _a80
362 0 _a2005
440 1 _aEscala Educacional
650 4 _aLiteratura juvenil
942 _cBK
999 _c72538
_d72538